Organisational Behaviour : A Research And Theory Based Text Book (Record no. 95573)

MARC details
000 -LEADER
fixed length control field 00644nam a2200241Ia 4500
005 - DATE AND TIME OF LATEST TRANSACTION
control field 20230414125933.0
008 - FIXED-LENGTH DATA ELEMENTS--GENERAL INFORMATION
fixed length control field 230125s9999 xx 000 0 und d
020 ## - INTERNATIONAL STANDARD BOOK NUMBER
International Standard Book Number 978-93-81695-73-9
041 ## - LANGUAGE CODE
Language code of text/sound track or separate title eng
082 ## - DEWEY DECIMAL CLASSIFICATION NUMBER
Classification number 302.35
Item number KUM
100 ## - MAIN ENTRY--PERSONAL NAME
Author Kumar S.
245 ## - TITLE STATEMENT
Title Organisational Behaviour : A Research And Theory Based Text Book
250 ## - EDITION STATEMENT
Edition statement 2nd Ed.
260 ## - PUBLICATION, DISTRIBUTION, ETC.
Date of publication, distribution, etc. 2004
Name of publisher, distributor, etc. Global Vision
Place of publication, distribution, etc. New Delhi
300 ## - PHYSICAL DESCRIPTION
Extent 274p
Dimensions Paper Back
440 ## - SERIES STATEMENT/ADDED ENTRY--TITLE
Volume/sequential designation 2
500 ## - GENERAL NOTE
Keywords Organizational Behaviour<br/>
650 ## - SUBJECT ADDED ENTRY--TOPICAL TERM
Topical term or geographic name entry element Organizational Behaviour
700 ## - ADDED ENTRY--PERSONAL NAME
Personal name Kumar S.
942 ## - ADDED ENTRY ELEMENTS (KOHA)
Koha item type Books
906 ## - LOCAL DATA ELEMENT F, LDF (RLIN)
b 27
Holdings
Withdrawn status Lost status Damaged status Not for loan Home library Current library Date acquired Vendor Net Price Bill number Total Checkouts Total Renewals Full call number Barcode Date last seen Date last checked out Actual Price Bill Date Koha item type Original Barcode
        Smt. Hiraben Nanavati Institute of Management & Research for Women Smt. Hiraben Nanavati Institute of Management & Research for Women 13/02/2019 Pritam Book Centre 300.00 10758 2 2 302.35 KUM B18290 HIMR-BK-18290 09/01/2026 17/12/2025 273.00 12/02/2019 Books B18290
        Smt. Hiraben Nanavati Institute of Management & Research for Women Smt. Hiraben Nanavati Institute of Management & Research for Women 13/02/2019 Pritam Book Centre 300.00 10758 3 2 302.35 KUM B18291 HIMR-BK-18291 03/01/2026 15/12/2025 273.00 12/02/2019 Books B18291